[Event "14th IPCA WORLD INDIVIDUAL CHESS CH 201"]
[Site "Apatin - Banja Junakovic"]
[Date "2014.09.20"]
[Round "6.3"]
[White "Yarmonov, Igor"]
[Black "Kozhabekov, Adilkhan"]
[Result "1-0"]
[WhiteElo "2361"]
[BlackElo "2103"]
[PlyCount "61"]
[EventDate "2014.09.16"]

1. d4 d5 2. Nf3 Nf6 3. e3 g6 4. c4 c6 5. Be2 Bg7 6. O-O O-O 7. Nc3 b6 8. b4
dxc4 9. Bxc4 c5 10. bxc5 bxc5 11. Rb1 cxd4 12. Nxd4 e5 13. Ndb5 Bf5 14. Ba3
Bxb1 15. Bxf8 Qxf8 16. Nc7 Bf5 17. Nxa8 Nbd7 18. e4 Bg4 19. Qb3 Qxa8 20. Bxf7+
Kf8 21. f3 Nc5 22. Qa3 Kxf7 23. fxg4 Ne6 24. Nd5 Qb7 25. g3 g5 26. Qd6 Nf8 27.
Nxf6 Qb6+ 28. Qxb6 axb6 29. Nxh7+ Ke8 30. Nxf8 Bxf8 31. Rf5 1-0

[Event "14th IPCA WORLD INDIVIDUAL CHESS CH 201"]
[Site "Apatin - Banja Junakovic"]
[Date "2014.09.20"]
[Round "6.4"]
[White "Kovacevic, Krsto"]
[Black "Balberov, Alexander"]
[Result "1/2-1/2"]
[WhiteElo "2068"]
[BlackElo "2380"]
[PlyCount "84"]
[EventDate "2014.09.16"]

1. e4 c5 2. Nf3 e6 3. d3 Nc6 4. g3 d5 5. Nbd2 Nf6 6. Bg2 Be7 7. O-O Qc7 8. Re1
b6 9. c3 Ba6 10. exd5 Nxd5 11. d4 cxd4 12. Nxd4 Nxd4 13. Qa4+ Kf8 14. Qxd4 Rd8
15. Qa4 Bb7 16. Nf3 Bc6 17. Qb3 Nf6 18. Nd4 Bxg2 19. Kxg2 Bc5 20. Bg5 Bxd4 21.
cxd4 h6 22. Bxf6 Qb7+ 23. Qf3 Qxf3+ 24. Kxf3 gxf6 25. Ke3 Ke7 26. Rac1 Rd7 27.
Rc4 Rhd8 28. Rec1 Rd5 29. Rc7+ R8d7 30. Rxd7+ Kxd7 31. a4 f5 32. f3 h5 33. b4
a6 34. Rc3 f6 35. Rc2 Rd6 36. Rc3 Rc6 37. Rxc6 Kxc6 38. h3 Kd5 39. Kd3 f4 40.
gxf4 b5 41. axb5 axb5 42. h4 f5 1/2-1/2

[Event "14th IPCA WORLD INDIVIDUAL CHESS CH 201"]
[Site "Apatin - Banja Junakovic"]
[Date "2014.09.20"]
[Round "6.5"]
[White "Tsapalin, Sergey"]
[Black "Vodyasov, Evgeny"]
[Result "1/2-1/2"]
[WhiteElo "1987"]
[BlackElo "2220"]
[PlyCount "51"]
[EventDate "2014.09.16"]

1. d4 Nf6 2. c4 d6 3. g3 Nbd7 4. Bg2 e5 5. Nf3 Be7 6. Nc3 O-O 7. O-O c6 8. e4
Qc7 9. h3 a6 10. a4 a5 11. d5 Nc5 12. Ne1 Ne8 13. g4 Bd7 14. Nd3 Nxd3 15. Qxd3
c5 16. Ne2 Qd8 17. Ng3 Bg5 18. Bxg5 Qxg5 19. Ra3 b6 20. Qe3 Qxe3 21. fxe3 f6
22. b3 Ra7 23. Ra2 Bc8 24. Raf2 Raf7 25. Bf3 g6 26. Bd1 1/2-1/2

[Event "14th IPCA WORLD INDIVIDUAL CHESS CH 201"]
[Site "Apatin - Banja Junakovic"]
[Date "2014.09.20"]
[Round "6.6"]
[White "Denisov, Denis"]
[Black "Vovk, Viktor"]
[Result "0-1"]
[WhiteElo "1995"]
[BlackElo "2172"]
[PlyCount "100"]
[EventDate "2014.09.16"]

1. e4 e5 2. Nf3 Nc6 3. Bb5 a6 4. Ba4 Nf6 5. O-O b5 6. Bb3 Be7 7. d4 d6 8. dxe5
Nxe5 9. Nxe5 dxe5 10. Qxd8+ Bxd8 11. a4 Bb7 12. axb5 axb5 13. Rxa8 Bxa8 14. f3
Nd7 15. Be3 c6 16. Nc3 Bb6 17. Bxb6 Nxb6 18. Ra1 O-O 19. Ra7 g6 20. Kf2 Kg7 21.
h4 h6 22. g4 Kf6 23. Na2 c5 24. Ra6 Rb8 25. Nc3 Bc6 26. Bd5 Bd7 27. b3 Ke7 28.
g5 hxg5 29. hxg5 b4 30. Nd1 Nxd5 31. exd5 Rh8 32. Ke3 Rh4 33. Nf2 Rd4 34. Nd3
Bb5 35. Ra7+ Kd6 36. Rxf7 Kxd5 37. Rg7 e4 38. Nf4+ Ke5 39. Nxg6+ Kf5 40. Ne7+
Ke6 41. f4 Rd1 42. f5+ Ke5 43. f6 Re1+ 44. Kd2 Re2+ 45. Kc1 Rf2 46. Ng8 Kd4 47.
Re7 Kc3 48. Kb1 Rxc2 49. f7 Rf2 50. Nf6 Bd3+ 0-1

[Event "14th IPCA WORLD INDIVIDUAL CHESS CH 201"]
[Site "Apatin - Banja Junakovic"]
[Date "2014.09.20"]
[Round "6.7"]
[White "Zavarsky, Juraj"]
[Black "Moskvin, Anatoly"]
[Result "0-1"]
[WhiteElo "2012"]
[BlackElo "1870"]
[PlyCount "126"]
[EventDate "2014.09.16"]

1. e4 e5 2. Nf3 Nc6 3. Bb5 Nge7 4. O-O a6 5. Bc4 Ng6 6. c3 d6 7. d4 Be7 8. Be3
h6 9. h3 Bd7 10. a4 Bg5 11. Re1 Bf4 12. dxe5 dxe5 13. Bc5 Qf6 14. Qe2 Bg5 15.
Be3 O-O 16. b4 Bxe3 17. Qxe3 Nf4 18. Kh2 Rfe8 19. Nbd2 Be6 20. Bf1 Ng6 21. Rad1
Rad8 22. Nc4 Bxc4 23. Bxc4 Qe7 24. g3 Nb8 25. h4 Rd7 26. h5 Nf8 27. Nh4 Red8
28. Ng6 Qf6 29. Rxd7 Rxd7 30. Nxf8 Kxf8 31. Re2 Nc6 32. Kg2 Nd8 33. Rd2 Qc6 34.
Rxd7 Qxd7 35. Qc5+ Qe7 36. Qxe7+ Kxe7 37. a5 Kd6 38. f4 c5 39. Bd5 cxb4 40.
cxb4 Nc6 41. fxe5+ Kxe5 42. b5 Nxa5 43. bxa6 bxa6 44. Bxf7 Kxe4 45. Kf2 Nc6 46.
Bg8 a5 47. Ke2 Nd4+ 48. Kd2 a4 49. Kc3 Ne2+ 50. Kb4 Nxg3 51. Bf7 Kf4 52. Kxa4
Kg5 53. Kb3 Nxh5 54. Kc2 Nf4 55. Kd2 h5 56. Ke3 Kg4 57. Kf2 h4 58. Be8 h3 59.
Bd7+ Kh4 60. Bc8 g5 61. Bd7 g4 62. Bc6 g3+ 63. Kg1 Nd3 0-1

[Event "14th IPCA WORLD INDIVIDUAL CHESS CH 201"]
[Site "Apatin - Banja Junakovic"]
[Date "2014.09.20"]
[Round "6.8"]
[White "Ursic, Aleksander"]
[Black "Melnik, Galina"]
[Result "1/2-1/2"]
[WhiteElo "1939"]
[BlackElo "1971"]
[PlyCount "95"]
[EventDate "2014.09.16"]

1. d4 d5 2. Nf3 Nf6 3. Bf4 e6 4. e3 Bd6 5. Bd3 Bxf4 6. exf4 c5 7. c3 cxd4 8.
cxd4 Qb6 9. b3 Bd7 10. Nc3 Nc6 11. Na4 Qb4+ 12. Qd2 b6 13. Rc1 Ke7 14. Ba6 Ne4
15. Qxb4+ Nxb4 16. Be2 Rac8 17. O-O Nxa2 18. Ra1 Nb4 19. Ne5 Bxa4 20. bxa4 Nc3
21. Rae1 a5 22. f5 f6 23. Nf3 Ne4 24. fxe6 Rc3 25. Bb5 Rhc8 26. h4 Rxf3 27.
gxf3 Nd2 28. Kg2 Nxf1 29. Kxf1 Rc3 30. Kg2 Nc2 31. Rd1 Kxe6 32. Kg3 Kd6 33. Rc1
Rc7 34. Rd1 Na3 35. Bd3 g6 36. Kg4 Nc4 37. Rb1 Kc6 38. Re1 Kd6 39. Rb1 Rc6 40.
Kf4 Kc7 41. Re1 Kd8 42. Rb1 Ke7 43. Rb5 Ke6 44. Rb1 Kd6 45. Re1 Rc7 46. Rb1 Ke7
47. Re1+ Kf7 48. Rb1 1/2-1/2

[Event "14th IPCA WORLD INDIVIDUAL CHESS CH 201"]
[Site "Apatin - Banja Junakovic"]
[Date "2014.09.20"]
[Round "6.9"]
[White "Jennitha, Anto K"]
[Black "Linqvist, Grels"]
[Result "1/2-1/2"]
[WhiteElo "1953"]
[BlackElo "2026"]
[PlyCount "107"]
[EventDate "2014.09.16"]

1. e4 e6 2. d4 d5 3. Nd2 Nf6 4. e5 Nfd7 5. Bd3 c5 6. c3 Nc6 7. Ne2 cxd4 8. cxd4
f6 9. Nf4 Nxd4 10. Qh5+ Ke7 11. exf6+ Nxf6 12. Ng6+ hxg6 13. Qxh8 Kf7 14. O-O
e5 15. Nb3 Nxb3 16. axb3 Bf5 17. Bxf5 gxf5 18. Bg5 Bc5 19. Qh3 Qd7 20. Bxf6
Kxf6 21. Qh4+ Kf7 22. Qh5+ Kf6 23. Rfc1 Bd4 24. Rc2 Rc8 25. Rac1 Rc6 26. Qe2
Rxc2 27. Rxc2 e4 28. h4 Bb6 29. Qh5 d4 30. Qg5+ Kf7 31. g4 d3 32. Rd2 fxg4 33.
Qf4+ Kg8 34. Qxe4 g3 35. Kg2 gxf2 36. Rxd3 Qf7 37. Rf3 Qh5 38. Qe6+ Kh7 39.
Qf5+ Qg6+ 40. Kh3 Qxf5+ 41. Rxf5 Kg6 42. Rf3 Bc5 43. Kg2 Bb6 44. b4 Bd4 45. b3
Bb6 46. Rd3 Kh5 47. Rd7 g6 48. Rh7+ Kg4 49. Rg7 Kh5 50. Rxb7 Kxh4 51. b5 g5 52.
Rf7 Kg4 53. Rf6 Bc5 54. Rf7 1/2-1/2

[Event "14th IPCA WORLD INDIVIDUAL CHESS CH 201"]
[Site "Apatin - Banja Junakovic"]
[Date "2014.09.20"]
[Round "6.10"]
[White "Kaydanovich, Marina"]
[Black "Aleksandrova, Aleksandra"]
[Result "1/2-1/2"]
[WhiteElo "1824"]
[BlackElo "1947"]
[PlyCount "138"]
[EventDate "2014.09.16"]

1. d4 d6 2. e4 Nf6 3. Nc3 Nbd7 4. Nf3 c6 5. Bd3 e5 6. O-O g6 7. Re1 exd4 8.
Nxd4 Ne5 9. h3 Bg7 10. Be3 O-O 11. Bf1 Qc7 12. Qd2 b5 13. Bh6 Bxh6 14. Qxh6 b4
15. Nd1 c5 16. Nb3 a5 17. f4 Nc6 18. Nd2 d5 19. e5 Ne4 20. Nxe4 dxe4 21. Ne3
Be6 22. Ng4 Bxg4 23. hxg4 Nxe5 24. fxe5 Qxe5 25. Qe3 Qxb2 26. Qxe4 Rae8 27. Qc4
Rc8 28. Rad1 Qf6 29. Rd5 Rfe8 30. Rxe8+ Rxe8 31. Qxc5 Re1 32. Qc4 Qb6+ 33. Qd4
Qxd4+ 34. Rxd4 Ra1 35. Kf2 Rxa2 36. Ke3 Rxc2 37. Rd2 Rc1 38. Bb5 b3 39. Kd3 Rc5
40. Bc4 a4 41. Kc3 Rc7 42. Kb4 Kg7 43. Bd3 Ra7 44. Bb5 Re7 45. Kxa4 Re4+ 46.
Kxb3 Rxg4 47. Kc3 h5 48. Kd3 g5 49. Ke3 h4 50. Bd7 Rf4 51. Rf2 Rb4 52. Rd2 Kg6
53. Rd6+ f6 54. Rd4 Rb2 55. Rd2 Rb6 56. Rd5 Rb2 57. Bf5+ Kh5 58. Kf3 Rb3+ 59.
Kf2 Rb4 60. Kf3 Rb3+ 61. Kf2 Rb8 62. Kf3 Kh6 63. Rd6 Rb3+ 64. Bd3 Kh5 65. Ke4
Rb4+ 66. Ke3 Rb2 67. Be2+ Kg6 68. Bd3+ Kf7 69. Be2 Kg6 1/2-1/2

[Event "14th IPCA WORLD INDIVIDUAL CHESS CH 201"]
[Site "Apatin - Banja Junakovic"]
[Date "2014.09.20"]
[Round "6.11"]
[White "Konkolova, Nikola"]
[Black "Strekalovski, Viktor"]
[Result "1/2-1/2"]
[WhiteElo "1485"]
[BlackElo "2057"]
[PlyCount "105"]
[EventDate "2014.09.16"]

1. e4 c6 2. d4 Qc7 3. Nc3 d6 4. h3 g6 5. Nf3 Bg7 6. Be2 a6 7. a4 Nf6 8. O-O O-O
9. Be3 Nbd7 10. Qd2 e5 11. Rad1 Re8 12. Bd3 Nh5 13. Ne2 Nf8 14. Ng3 Nxg3 15.
fxg3 f6 16. Bc4+ Kh8 17. dxe5 dxe5 18. Bh6 Be6 19. Bxe6 Nxe6 20. Bxg7+ Nxg7 21.
b3 Rad8 22. Qf2 Qa5 23. Nh4 Nh5 24. g4 Nf4 25. Kh2 Rxd1 26. Rxd1 Rd8 27. b4 Qc7
28. Rf1 Qe7 29. g3 Qxb4 30. Qg1 Rd2+ 31. Rf2 Qd4 32. Rxd2 Qxd2+ 33. Kh1 Ne2 34.
Qf2 Kg7 35. Nf3 Qxc2 36. g5 Qb1+ 37. Kh2 Qxe4 38. gxf6+ Kh6 39. f7 Kg7 40.
f8=Q+ Kxf8 41. Nxe5+ Nf4 42. Qxf4+ Qxf4 43. gxf4 Ke7 44. Kg3 c5 45. Kg4 b5 46.
axb5 axb5 47. Kf3 Ke6 48. Ke4 c4 49. h4 Kd6 50. Kd4 Ke6 51. Ke3 Kd6 52. Kd4 Ke6
53. Ke4 1/2-1/2

[Event "14th IPCA WORLD INDIVIDUAL CHESS CH 201"]
[Site "Apatin - Banja Junakovic"]
[Date "2014.09.20"]
[Round "6.12"]
[White "Tersinsev, Andrey"]
[Black "Kurochkina, Elena"]
[Result "1-0"]
[WhiteElo "2043"]
[BlackElo "1768"]
[PlyCount "87"]
[EventDate "2014.09.16"]

1. d4 e6 2. c4 f5 3. Nc3 Nf6 4. Qc2 Bb4 5. e3 O-O 6. Bd3 b6 7. f3 Bb7 8. Nge2
Qe8 9. O-O a6 10. Bd2 Qh5 11. Nf4 Qe8 12. Nfe2 Bd6 13. e4 fxe4 14. fxe4 e5 15.
d5 Bc5+ 16. Kh1 Ng4 17. Rxf8+ Qxf8 18. h3 Qf6 19. Ng1 Qh4 20. Be1 Nf2+ 21. Bxf2
Qe7 22. Bxc5 Qxc5 23. Nf3 Qe7 24. Rf1 d6 25. Qd2 Nd7 26. Qg5 Nf6 27. Nh4 Bc8
28. Nf5 Bxf5 29. Qxf5 Rf8 30. Qe6+ Qxe6 31. dxe6 Re8 32. Nd5 Nxd5 33. cxd5 b5
34. Rf7 Rc8 35. Rd7 Kf8 36. a4 c6 37. Rxd6 cxd5 38. exd5 Rc1+ 39. Kh2 Rd1 40.
Be4 Rd2 41. Bxh7 e4 42. Rd8+ Ke7 43. Rd7+ Kf8 44. Bg6 1-0

[Event "14th IPCA WORLD INDIVIDUAL CHESS CH 201"]
[Site "Apatin - Banja Junakovic"]
[Date "2014.09.20"]
[Round "6.13"]
[White "Tocklin, Tomi"]
[Black "Kestlane, Harry"]
[Result "1-0"]
[WhiteElo "1859"]
[BlackElo "1843"]
[PlyCount "69"]
[EventDate "2014.09.16"]

1. e4 e5 2. Bc4 Nf6 3. d3 c6 4. Bb3 d5 5. Nf3 Bg4 6. O-O Nbd7 7. Bg5 Nc5 8.
Nbd2 Nxb3 9. axb3 Be7 10. h3 dxe4 11. dxe4 Bxf3 12. Nxf3 Nxe4 13. Qxd8+ Bxd8
14. Bxd8 Kxd8 15. Nxe5 Nd6 16. Rfd1 Kc7 17. Rxd6 Kxd6 18. Nxf7+ Kc7 19. Nxh8
Rxh8 20. Rxa7 Rd8 21. Ra4 Rd1+ 22. Kh2 Rd2 23. Rf4 Rxc2 24. Rf7+ Kb6 25. Rxg7
Rxb2 26. f4 Rxb3 27. f5 Kc5 28. f6 Kd6 29. g4 Rf3 30. g5 b5 31. Rxh7 b4 32. Rb7
Rf5 33. f7 Ke6 34. g6 c5 35. g7 1-0

[Event "14th IPCA WORLD INDIVIDUAL CHESS CH 201"]
[Site "Apatin - Banja Junakovic"]
[Date "2014.09.20"]
[Round "6.15"]
[White "Diachina, Olga"]
[Black "Sataeva, Lana"]
[Result "0-1"]
[WhiteElo "1607"]
[BlackElo "1483"]
[PlyCount "78"]
[EventDate "2014.09.16"]

1. e4 e5 2. Nf3 Nc6 3. Bb5 a6 4. Ba4 d6 5. h3 Nf6 6. d3 h6 7. c3 Be7 8. O-O b5
9. Bc2 O-O 10. Qe2 Nh7 11. Rd1 Ng5 12. Nbd2 f5 13. Nxg5 Bxg5 14. Nf3 Bxc1 15.
Raxc1 fxe4 16. Qxe4 Qe8 17. d4 Bf5 18. Bb3+ Kh8 19. Qh4 e4 20. Re1 Ne7 21. Ng5
d5 22. g4 Bd7 23. Re3 c6 24. Rf1 Ng6 25. Qh5 Nf4 26. Qxe8 Raxe8 27. Nxe4 Rxe4
28. Rxe4 dxe4 29. Kh2 Nd3 30. Bc2 Rxf2+ 31. Rxf2 Nxf2 32. Kg2 Nd3 33. b3 g5 34.
Bxd3 exd3 35. Kf2 Be8 36. Ke3 Bg6 37. c4 bxc4 38. bxc4 Kg7 39. c5 Kf6 0-1

[Event "14th IPCA WORLD INDIVIDUAL CHESS CH 201"]
[Site "Apatin - Banja Junakovic"]
[Date "2014.09.20"]
[Round "6.16"]
[White "Aristov, Pavel"]
[Black "Sergeeva, Anna"]
[Result "0-1"]
[WhiteElo "1552"]
[BlackElo "1274"]
[PlyCount "51"]
[EventDate "2014.09.16"]

1. e4 e5 2. Nf3 Nc6 3. d4 exd4 4. Nxd4 Nf6 5. Nc3 Bb4 6. Nxc6 bxc6 7. Bd3 O-O
8. O-O Bxc3 9. bxc3 Re8 10. Re1 d5 11. e5 Ng4 12. Rb1 Qh4 13. Bf4 Qxf2+ 14. Kh1
Qxf4 15. g3 Nf2+ 16. Kg1 Nxd1 17. gxf4 Nxc3 18. Rb2 f6 19. Kf2 fxe5 20. fxe5
Rf8+ 21. Kg3 Na4 22. Rc1 Nc5 23. Bf1 Ne4+ 24. Kg2 Rf5 25. Bd3 Rg5+ 26. Kf1 0-1

[Event "14th IPCA WORLD INDIVIDUAL CHESS CH 201"]
[Site "Apatin - Banja Junakovic"]
[Date "2014.09.21"]
[Round "7.1"]
[White "Venkata, Krishna Karthik K"]
[Black "Mikheev, Stanislav"]
[Result "1/2-1/2"]
[WhiteElo "1967"]
[BlackElo "2195"]
[PlyCount "75"]
[EventDate "2014.09.16"]

1. e4 e6 2. d4 d5 3. Nd2 Nc6 4. Ngf3 Nf6 5. exd5 exd5 6. c3 Bd6 7. Bd3 O-O 8.
O-O Bg4 9. h3 Bh5 10. Qc2 Re8 11. g4 Bg6 12. Bxg6 fxg6 13. c4 Qd7 14. cxd5 Nxd5
15. Qb3 Kh8 16. Nc4 Nb6 17. Be3 Qf7 18. Nfe5 Bxe5 19. Nxb6 Qxb3 20. axb3 axb6
21. dxe5 Nxe5 22. Bf4 Ra5 23. Kg2 Nd3 24. Bxc7 Rb5 25. Rfd1 Nc5 26. Rd6 Rxb3
27. Re1 Rf8 28. Bxb6 Nd3 29. Re7 Nf4+ 30. Kh2 Rxh3+ 31. Kg1 Rc8 32. Rd8+ Rxd8
33. Bxd8 h5 34. gxh5 gxh5 35. Rxb7 Ne2+ 36. Kg2 Nf4+ 37. Kg1 Ne2+ 38. Kg2
1/2-1/2

[Event "14th IPCA WORLD INDIVIDUAL CHESS CH 201"]
[Site "Apatin - Banja Junakovic"]
[Date "2014.09.21"]
[Round "7.2"]
[White "Yarmonov, Igor"]
[Black "Obodchuk, Andrei"]
[Result "0-1"]
[WhiteElo "2361"]
[BlackElo "2370"]
[PlyCount "156"]
[EventDate "2014.09.16"]

1. d4 Nf6 2. Nf3 g6 3. c4 Bg7 4. Nc3 d5 5. cxd5 Nxd5 6. e3 O-O 7. Bc4 Nxc3 8.
bxc3 c5 9. O-O Qc7 10. Be2 Nc6 11. Ba3 b6 12. dxc5 Rd8 13. Qa4 Bb7 14. Rab1
bxc5 15. Ba6 Na5 16. Bxb7 Nxb7 17. c4 Nd6 18. Bb2 Rab8 19. Bxg7 Kxg7 20. Qa3
Rxb1 21. Rxb1 Rb8 22. Qc3+ f6 23. Rb3 Rb6 24. Nd2 Qc6 25. Rxb6 Qxb6 26. Kf1 Qa6
27. Qb3 Kf7 28. Ke2 Qc6 29. f3 Qc7 30. Qd3 Qa5 31. Qb3 Qa6 32. Kd3 Qc8 33. Kc2
Qa6 34. Kb2 Kg7 35. Qd3 Qa4 36. Qb3 Qd7 37. Qd3 Qe6 38. h3 Qe5+ 39. Kb3 Nf5 40.
Ne4 Nh4 41. Qd2 f5 42. Nc3 Qb8+ 43. Nb5 a6 44. Qd7 Qe5 45. Nc3 Qxe3 46. Ka4 Qe1
47. Nd5 Nxg2 48. a3 Kf7 49. Qa7 Qe5 50. Qxc5 Nf4 51. Qe3 Qxe3 52. Nxe3 Ke6 53.
Ka5 Kd6 54. Kxa6 Kc6 55. a4 Nxh3 56. a5 Nf4 57. Ka7 Nd3 58. Nd5 e6 59. Ne7+ Kc5
60. Kb7 Nb4 61. f4 g5 62. fxg5 f4 63. Ng8 f3 64. Nf6 Kxc4 65. Kb6 Nd5+ 66. Nxd5
exd5 67. a6 f2 68. a7 f1=Q 69. a8=Q Qf2+ 70. Kc6 Qc5+ 71. Kd7 d4 72. Qa2+ Kd3
73. Qa6+ Ke3 74. Qh6 Qf5+ 75. Ke7 Ke4 76. Qh4+ Kd5 77. Qh6 Qg6 78. Qh4 Qe4+ 0-1

[Event "14th IPCA WORLD INDIVIDUAL CHESS CH 201"]
[Site "Apatin - Banja Junakovic"]
[Date "2014.09.21"]
[Round "7.3"]
[White "Balberov, Alexander"]
[Black "Valenta, Vit"]
[Result "1-0"]
[WhiteElo "2380"]
[BlackElo "2134"]
[PlyCount "69"]
[EventDate "2014.09.16"]

1. Nf3 Nf6 2. c4 d6 3. Nc3 g6 4. g3 Bg7 5. Bg2 O-O 6. O-O e5 7. d4 Nbd7 8. e4
Re8 9. Re1 a5 10. h3 exd4 11. Nxd4 Nb6 12. b3 a4 13. Rb1 Bd7 14. Be3 axb3 15.
axb3 Qc8 16. Kh2 Ra6 17. Qc2 Re5 18. g4 Rea5 19. Qd2 h5 20. g5 Nh7 21. f4 Nf8
22. Nde2 Ne6 23. Rf1 Nc5 24. Bd4 Ne6 25. Bxg7 Nxg7 26. Nd4 Ra8 27. Rf2 Ra1 28.
Rbf1 Rxf1 29. Rxf1 Qe8 30. Re1 Qc8 31. e5 dxe5 32. Rxe5 Bf5 33. Nxf5 Nxf5 34.
Ne4 c6 35. Re8+ 1-0

[Event "14th IPCA WORLD INDIVIDUAL CHESS CH 201"]
[Site "Apatin - Banja Junakovic"]
[Date "2014.09.21"]
[Round "7.4"]
[White "Vovk, Viktor"]
[Black "Moskvin, Anatoly"]
[Result "1/2-1/2"]
[WhiteElo "2172"]
[BlackElo "1870"]
[PlyCount "140"]
[EventDate "2014.09.16"]

1. e4 e5 2. Nf3 Nc6 3. Nc3 Nf6 4. Bb5 Bb4 5. d3 d6 6. O-O a6 7. Bxc6+ bxc6 8.
h3 O-O 9. a3 Bxc3 10. bxc3 Re8 11. Re1 Rb8 12. a4 h6 13. a5 c5 14. c4 Nh7 15.
Be3 Qf6 16. Nd2 Ng5 17. Bxg5 Qxg5 18. Re3 f5 19. exf5 Bxf5 20. Rb1 Qh4 21. Qf3
Bd7 22. Rxb8 Rxb8 23. Qd5+ Kh7 24. Qf7 Rd8 25. Ne4 Qf4 26. Qe7 Qf8 27. Qh4 Re8
28. Rf3 Qe7 29. Qh5 Rf8 30. Rg3 Be8 31. Qe2 Bc6 32. Qg4 Kh8 33. Rf3 Rxf3 34.
Qxf3 Qe8 35. Qg4 Bd7 36. Qf3 Bc6 37. Qg4 Bd7 38. Qe2 Bc6 39. Nc3 Qf7 40. Qg4
Qg8 41. Qg6 Qa8 42. Nd1 e4 43. Ne3 exd3 44. cxd3 Qf8 45. Qe6 Qb8 46. Kh2 Qf8
47. Nf5 Qe8 48. Qxe8+ Bxe8 49. Kg3 Bf7 50. Kf4 g5+ 51. Ke3 Kh7 52. Ne7 Be6 53.
Ke4 Kg7 54. Nd5 Bc8 55. Nxc7 Bb7+ 56. Nd5 Kf7 57. g4 Ke6 58. f4 gxf4 59. Kxf4
Bxd5 60. cxd5+ Kxd5 61. h4 Ke6 62. g5 hxg5+ 63. hxg5 d5 64. g6 Kf6 65. g7 Kxg7
66. Ke5 c4 67. dxc4 dxc4 68. Kd4 Kf7 69. Kxc4 Ke7 70. Kc5 Kd7 1/2-1/2

[Event "14th IPCA WORLD INDIVIDUAL CHESS CH 201"]
[Site "Apatin - Banja Junakovic"]
[Date "2014.09.21"]
[Round "7.5"]
[White "Vodyasov, Evgeny"]
[Black "Kovacevic, Krsto"]
[Result "1/2-1/2"]
[WhiteElo "2220"]
[BlackElo "2068"]
[PlyCount "43"]
[EventDate "2014.09.16"]

1. d4 Nf6 2. c4 e6 3. g3 d5 4. Nf3 Bb4+ 5. Bd2 Be7 6. Bg2 O-O 7. O-O Ne4 8. Qc2
c6 9. Bf4 Nd7 10. Nc3 Nxc3 11. Qxc3 Nf6 12. Nd2 Nh5 13. Nf3 Nxf4 14. gxf4 b5
15. c5 a5 16. Kh1 Qc7 17. e3 Bd7 18. Rg1 Be8 19. Qc2 f5 20. Ne5 Bf6 21. Bf3
Bxe5 22. dxe5 1/2-1/2

[Event "14th IPCA WORLD INDIVIDUAL CHESS CH 201"]
[Site "Apatin - Banja Junakovic"]
[Date "2014.09.21"]
[Round "7.6"]
[White "Kozhabekov, Adilkhan"]
[Black "Melnik, Galina"]
[Result "1-0"]
[WhiteElo "2103"]
[BlackElo "1971"]
[PlyCount "111"]
[EventDate "2014.09.16"]

1. Nf3 Nf6 2. d4 d5 3. g3 Bg4 4. Bg2 e6 5. O-O Nbd7 6. c4 c6 7. b3 Bd6 8. Bb2
O-O 9. Ne5 Bf5 10. Nd2 Qc7 11. Nxd7 Qxd7 12. Re1 Bb4 13. a3 Ba5 14. b4 Bc7 15.
f3 dxc4 16. e4 Bg6 17. Nxc4 Qe7 18. Qb3 Nd7 19. Rad1 Nb6 20. Na5 Bd6 21. d5
cxd5 22. exd5 e5 23. Kh1 f6 24. Bd4 Rac8 25. Rd2 Qc7 26. Bf2 Bf7 27. Bh3 Rb8
28. Red1 Rfe8 29. Be6 Rf8 30. Kg2 Kh8 31. Rc2 Qd8 32. Bc5 Be8 33. Bxb6 Qxb6 34.
Rdc1 Bg6 35. Re2 Qa6 36. Re3 Rbd8 37. Nc4 Be8 38. Nxd6 Qxd6 39. Qc4 Bd7 40.
Bxd7 Qxd7 41. Rd1 Rc8 42. Qe2 Rfe8 43. d6 Rc6 44. Red3 Rd8 45. Qd2 Rdc8 46. Qe3
b5 47. g4 a6 48. Qe4 Rc2+ 49. R1d2 R2c6 50. h4 h6 51. Kg3 Rd8 52. Qd5 Kh7 53.
g5 hxg5 54. hxg5 Kg6 55. Qe4+ Kf7 56. g6+ 1-0

[Event "14th IPCA WORLD INDIVIDUAL CHESS CH 201"]
[Site "Apatin - Banja Junakovic"]
[Date "2014.09.21"]
[Round "7.7"]
[White "Ursic, Aleksander"]
[Black "Tsapalin, Sergey"]
[Result "1-0"]
[WhiteElo "1939"]
[BlackElo "1987"]
[PlyCount "137"]
[EventDate "2014.09.16"]

1. d4 Nf6 2. Nf3 d5 3. Bf4 e6 4. e3 Bd6 5. Bg5 Nbd7 6. Bd3 h6 7. Bh4 c6 8. Nbd2
Qc7 9. Bg3 Bxg3 10. hxg3 e5 11. dxe5 Nxe5 12. Nxe5 Qxe5 13. c3 Bg4 14. Nf3 Qe7
15. Qb3 Ne4 16. Bxe4 dxe4 17. Nd2 O-O-O 18. Qa4 Qd7 19. Qd4 Qxd4 20. cxd4 Rhe8
21. Rc1 Be6 22. b3 Bd5 23. Nb1 b6 24. Nc3 Kb7 25. b4 Rd6 26. Kd2 f5 27. a3 Bf7
28. Rb1 g5 29. Rhc1 h5 30. Ne2 a6 31. Nc3 Rh8 32. Rh1 Rdh6 33. Rbc1 Bd5 34. Rh2
Bf7 35. a4 b5 36. a5 Re8 37. Nd1 Rf6 38. Rc5 Rd8 39. Nc3 Bg6 40. Rh1 Bf7 41. f3
exf3 42. gxf3 Rh8 43. Ke2 h4 44. g4 fxg4 45. fxg4 Bc4+ 46. Ke1 Re8 47. Nd1 Bd5
48. Rh3 Ref8 49. e4 Rf1+ 50. Kd2 Bxe4 51. Rxg5 Rd8 52. Rg7+ Kb8 53. Rxh4 Rxd4+
54. Ke3 Rfxd1 55. Rh8+ Rd8 56. Rxd8+ Rxd8 57. Kxe4 Rd1 58. g5 Rb1 59. Kd4 Rxb4+
60. Kc5 Rc4+ 61. Kb6 Kc8 62. g6 b4 63. Rc7+ Kd8 64. Rb7 Rg4 65. g7 Ke8 66. Kxa6
b3 67. Rb8+ Kf7 68. Rxb3 Rxg7 69. Rb7+ 1-0

[Event "14th IPCA WORLD INDIVIDUAL CHESS CH 201"]
[Site "Apatin - Banja Junakovic"]
[Date "2014.09.21"]
[Round "7.8"]
[White "Tocklin, Tomi"]
[Black "Tersinsev, Andrey"]
[Result "0-1"]
[WhiteElo "1859"]
[BlackElo "2043"]
[PlyCount "88"]
[EventDate "2014.09.16"]

1. e4 c5 2. Nf3 Nc6 3. Bb5 e5 4. c3 Bd6 5. O-O a6 6. Bxc6 dxc6 7. d4 exd4 8.
cxd4 Bg4 9. Be3 cxd4 10. Qxd4 Bxf3 11. gxf3 f6 12. f4 Qc7 13. Rd1 Rd8 14. Nc3
Nh6 15. Ne2 Qc8 16. Ng3 O-O 17. Qc4+ Kh8 18. Rd3 Qh3 19. Rad1 Be7 20. Bb6 Rxd3
21. Qxd3 c5 22. Qd7 Ng4 23. Nf1 Qf3 24. Qd2 h5 25. h4 Qxe4 26. Qd7 Qe2 27. Qd2
Qe6 28. Qd7 Qe2 29. Qd2 Qe4 30. Re1 Qc6 31. Rxe7 Qxb6 32. Qd5 f5 33. Rxb7 Qf6
34. Qxc5 Rg8 35. Qe7 Qd4 36. Qe2 Qxf4 37. Qd2 Qe4 38. Rb4 Qe7 39. f3 Ne5 40.
Kg2 g5 41. hxg5 Rxg5+ 42. Ng3 Qg7 43. Qf2 Nd3 44. Rb8+ Kh7 0-1

[Event "14th IPCA WORLD INDIVIDUAL CHESS CH 201"]
[Site "Apatin - Banja Junakovic"]
[Date "2014.09.21"]
[Round "7.9"]
[White "Linqvist, Grels"]
[Black "Denisov, Denis"]
[Result "1-0"]
[WhiteElo "2026"]
[BlackElo "1995"]
[PlyCount "38"]
[EventDate "2014.09.16"]

1. c4 Nf6 2. Nc3 e6 3. e4 d5 4. e5 d4 5. exf6 dxc3 6. bxc3 Qxf6 7. Nf3 Nc6 8.
d4 h6 9. Bd3 Be7 10. O-O O-O 11. Qe2 b6 12. Qe4 Qf5 13. Qxc6 Qxd3 14. Qxa8 Bd6
15. Re1 f5 16. Qc6 Rd8 17. Qa4 Bb7 18. Re3 b5 19. cxb5 Bxh2+ 1-0

[Event "14th IPCA WORLD INDIVIDUAL CHESS CH 201"]
[Site "Apatin - Banja Junakovic"]
[Date "2014.09.21"]
[Round "7.10"]
[White "Riekkinen, Keijo"]
[Black "Zavarsky, Juraj"]
[Result "0-1"]
[WhiteElo "1671"]
[BlackElo "2012"]
[PlyCount "79"]
[EventDate "2014.09.16"]

1. c4 Nf6 2. Nc3 g6 3. d4 Bg7 4. e4 O-O 5. f4 d6 6. Nf3 c5 7. d5 b5 8. Qc2 bxc4
9. Bxc4 Ba6 10. Bxa6 Nxa6 11. a3 c4 12. Be3 Qa5 13. O-O Ng4 14. Bc1 Qb6+ 15.
Kh1 Ne3 16. Bxe3 Qxe3 17. Nd2 Rfc8 18. Rf3 Qb6 19. Rb1 Rab8 20. g4 Nc5 21. Nxc4
Qb3 22. Qxb3 Nxb3 23. Nxd6 exd6 24. Re1 Nd2 25. Rd3 Nc4 26. Na4 Nxb2 27. Nxb2
Bxb2 28. e5 Re8 29. e6 fxe6 30. dxe6 Rbd8 31. Rb3 Bf6 32. g5 Be7 33. Rb7 a5 34.
h4 d5 35. h5 Bxa3 36. f5 gxf5 37. Re5 Re7 38. Rb6 d4 39. h6 d3 40. Rxa5 0-1

[Event "14th IPCA WORLD INDIVIDUAL CHESS CH 201"]
[Site "Apatin - Banja Junakovic"]
[Date "2014.09.21"]
[Round "7.11"]
[White "Kaydanovich, Marina"]
[Black "Jennitha, Anto K"]
[Result "1/2-1/2"]
[WhiteElo "1824"]
[BlackElo "1953"]
[PlyCount "70"]
[EventDate "2014.09.16"]

1. c4 e5 2. e4 Nc6 3. Nc3 Nf6 4. d3 d6 5. h3 Be7 6. Be3 b6 7. Nge2 Bb7 8. Qd2
Qd7 9. g3 Nd8 10. Bg2 Ne6 11. O-O O-O 12. Nd5 c6 13. Nxe7+ Qxe7 14. Qc3 c5 15.
Qd2 Nd4 16. f4 Nd7 17. f5 f6 18. g4 h6 19. h4 Kf7 20. Ng3 Rh8 21. Kf2 Rag8 22.
Rg1 Ke8 23. Rab1 Kd8 24. h5 Kc7 25. Bxd4 cxd4 26. b4 a6 27. Rgc1 Rb8 28. a4
Rhc8 29. Bf1 Kd8 30. Be2 Ke8 31. Bd1 Qd8 32. Bb3 Ke7 33. Nf1 a5 34. b5 Nc5 35.
Bc2 Kf8 1/2-1/2